000
00317nam a22001337a 4500
020
_a
969-35-1377-0
082
_a
910.4 TAR
245
_a
DEO SAI
250
_a
TARAR, MUSTANSAR HUSSAIN
260
_a
LAHORE
_b
SANG-E-MEEL PUB
_c
2006
300
_a
328P
650
_a
URDU ADAB-SAFAR NAMA-DEO SAI.
_9
63153
942
_c
BK
999
_c
572065
_d
572065